000 00613nam a22001937a 4500
005 20251108170908.0
008 250721s1993 xx 000 0 ara d
082 1 4 _a923.45605/خشن
100 1 _aالخشني، أبو عبد الله محمد بن الحارث
245 1 0 _aطبقات علماء أفريقية /
264 1 _aالقاهرة :
_bمكتبة مدبولي،
_c1993.
300 _a109ص
650 1 7 _aالمغرب العربي
650 1 7 _aالأندلس
650 1 7 _aالتراجم
700 1 _aعزب، محمد زينهم محمد
_eتحقيق
942 _2ddc
_cBK
999 _c51553
_d51553